Contemporary business communication / (Record no. 3903)

000 -LEADER
fixed length control field 01084cam a2200313 a 4500
001 - CONTROL NUMBER
control field 2128325
003 - CONTROL NUMBER IDENTIFIER
control field OSt
005 - DATE AND TIME OF LATEST TRANSACTION
control field 20170412111036.0
008 - FIXED-LENGTH DATA ELEMENTS--GENERAL INFORMATION
fixed length control field 990617s1998 nyua b 001 0 eng
010 ## - LIBRARY OF CONGRESS CONTROL NUMBER
LC control number 97072529
020 ## - INTERNATIONAL STANDARD BOOK NUMBER
International Standard Book Number 0395870852
040 ## - CATALOGING SOURCE
Original cataloging agency DLC
Transcribing agency DLC
Modifying agency DLC
050 00 - LIBRARY OF CONGRESS CALL NUMBER
Classification number HD30.3.O26 1998
082 00 - DEWEY DECIMAL CLASSIFICATION NUMBER
Classification number 658.4/5
Edition number 21
100 1# - MAIN ENTRY--PERSONAL NAME
Personal name Ober, Scot,
Dates associated with a name 1946-
245 10 - TITLE STATEMENT
Title Contemporary business communication /
Statement of responsibility, etc Scot Ober.
246 1# - VARYING FORM OF TITLE
Display text Half title:
Title proper/short title Guide to contemporary business communication
250 ## - EDITION STATEMENT
Edition statement 3rd ed., Instructor's annotated ed.
260 ## - PUBLICATION, DISTRIBUTION, ETC. (IMPRINT)
Place of publication, distribution, etc Boston :
Name of publisher, distributor, etc Houghton Mifflin Co.,
Date of publication, distribution, etc c1998.
300 ## - PHYSICAL DESCRIPTION
Extent xxiv, 600 p. :
Other physical details col. ill. ;
Dimensions 26 cm.
504 ## - BIBLIOGRAPHY, ETC. NOTE
Bibliography, etc Includes bibliographical references (p. 582-584) and index.
650 #0 - SUBJECT ADDED ENTRY--TOPICAL TERM
Topical term or geographic name as entry element Communication in management.
650 #0 - SUBJECT ADDED ENTRY--TOPICAL TERM
Topical term or geographic name as entry element Communication in organizations.
650 #0 - SUBJECT ADDED ENTRY--TOPICAL TERM
Topical term or geographic name as entry element Business communication.
650 #0 - SUBJECT ADDED ENTRY--TOPICAL TERM
Topical term or geographic name as entry element Business writing.
906 ## - LOCAL DATA ELEMENT F, LDF (RLIN)
a 7
b cbc
c orignew
d 3
e opcn
f 19
g y-gencatlg
942 ## - ADDED ENTRY ELEMENTS (KOHA)
Source of classification or shelving scheme
Koha item type Book
Holdings
Withdrawn status Lost status Source of classification or shelving scheme Damaged status Not for loan Home library Current library Shelving location Date acquired Total Checkouts Full call number Barcode Date last seen Copy number Price effective from Koha item type
          Riara University Library Riara University Library General stack 12/04/2017   HD30.3.O26 1998 8874/16 12/04/2017 C.1 12/04/2017 Book
          Riara University Library Riara University Library General stack 12/04/2017   HD30.3.O26 1998 8876/16 12/04/2017 C.2 12/04/2017 Book

Riara University Library,
P.O. Box 49940-00100,
Nairobi, Kenya.